000 00593cam a2200205 4500500
005 20260329005527.0
041 _afre
042 _adc
100 1 0 _aLarmagnac-Matheron, Octave
_eauthor
245 0 0 _aExorcisme
260 _c2024.
500 _a71
690 _aAutobiographie
690 _aCroyance
690 _aÉsotérisme
690 _aGérald Bronner
690 _aJeunesse
786 0 _nPhilosophie magazine | 176 | 1-2 | 2024-02-01 | p. 57-57 | 1951-1787
856 4 1 _uhttps://shs.cairn.info/magazine-philosophie-magazine-2024-2-page-57?lang=fr&redirect-ssocas=7080
999 _c1844253
_d1844253